Die mit Tranen saen : israelisches Reisejournal /

Bibliographic Details
Main Author: Chotjewitz, Peter O.
Other Authors: Chotjewitz-Häfner, Renate
Format: Book
Language:German
Published: Munchen : Verlag AutorenEdition, [1980]
Subjects:

MARC

Tag First Indicator Second Indicator Subfields
LEADER 00000cam a2200000 a 4500
001 in00000082393
005 20151008061148.0
008 810224s1980 gw ach b 00010 ger d
020 |a 3761005679 
035 |a (OCoLC)07150798 
035 |9 AAJ7447AM 
040 |a UUM  |c UUM  |d OCL  |d TXA  |d UtOrBLW 
043 |a a-is--- 
049 |a TXAM  |c [1655552] 
090 |a DS107.4  |b .C39 
100 1 |a Chotjewitz, Peter O. 
245 1 4 |a Die mit Tranen saen :  |b israelisches Reisejournal /  |c Peter O. Chotjewitz, Renate Chotjewitz-Hafner. 
264 1 |a Munchen :  |b Verlag AutorenEdition,  |c [1980] 
264 4 |c ©1980 
300 |a xix, 334 pages :  |b illustrations, portraits, facsimiles ;  |c 21 cm. 
336 |a text  |b txt  |2 rdacontent 
337 |a unmediated  |b n  |2 rdamedia 
338 |a volume  |b nc  |2 rdacarrier 
504 |a Bibliography: pages 330-334. 
651 0 |a Israel  |x Description and travel. 
700 1 |a Chotjewitz-Häfner, Renate. 
999 |a MARS 
999 f f |s dc46f9e0-bb86-304f-8a53-37cadee9d055  |i 2ca928eb-51a1-3bdc-aac9-fa5460bd5a10  |t 0 
952 f f |p ric  |a Texas A&M University  |b Rellis Campus  |c Joint Library Facility  |d Remote Storage  |t 0  |e DS107.4 .C39  |h Library of Congress classification  |i unmediated -- volume  |m A14806100342 
998 f f |a DS107.4 .C39  |t 0  |l Remote Storage